000 00476nam a2200193Ia 4500
001 2251
003 GE_BSU
008 181216s||||||||xx |||||||||||||| ||und||
040 _cGE_BSU
080 _a510.5
100 _aЛевитин,Анатолий
245 _aАлгоритмы.Введение в разработку и анализ
260 _aСПБ
260 _c2006
300 _a574стр.
541 _h60л.
653 _aАлгоритмы
942 _cBK
999 _c36342
_d36342